Govt. of
Madhya Pradesh

हमारे अटल जी (Record no. 59305)

MARC details
000 -LEADER
fixed length control field 00453nam a22001577a 4500
003 - CONTROL NUMBER IDENTIFIER
control field macl
005 - DATE AND TIME OF LATEST TRANSACTION
control field 20190407123214.0
008 - FIXED-LENGTH DATA ELEMENTS--GENERAL INFORMATION
fixed length control field 190407b xxu||||| |||| 00| 0 eng d
040 ## - CATALOGING SOURCE
Transcribing agency macl
082 ## - DEWEY DECIMAL CLASSIFICATION NUMBER
Classification number 920/JHA
100 ## - MAIN ENTRY--PERSONAL NAME
Personal name झा ,प्रभात
9 (RLIN) 74195
245 ## - TITLE STATEMENT
Title हमारे अटल जी
260 ## - PUBLICATION, DISTRIBUTION, ETC. (IMPRINT)
Place of publication, distribution, etc. दिल्‍ली
Name of publisher, distributor, etc. प्रभात प्रकाशन
Date of publication, distribution, etc. 2015
651 ## - SUBJECT ADDED ENTRY--GEOGRAPHIC NAME
Geographic name जीवनी
9 (RLIN) 74196
942 ## - ADDED ENTRY ELEMENTS (KOHA)
Source of classification or shelving scheme
Koha item type Hindi Books
Holdings
Withdrawn status Lost status Source of classification or shelving scheme Damaged status Not for loan Home library Current library Date acquired Cost, normal purchase price Total Checkouts Full call number Barcode Date last seen Date last checked out Price effective from Koha item type
          MACL MACL 07/04/2019 500.00 5 920/JHA CRH034150 27/12/2022 10/12/2022 07/04/2019 Hindi Books